00510nam a2200169Ia 4500008004100000020001500041041000800056082001300064100001800077245002900095250000600124260004700130300000800177650001400185999001900199952012200218210716s2003 xx 000 0 und d a8178665115 aeng a337 MITD aMithani, D M. aInternational economics. a1 aNew DelhibHimalaya Publishing Housec2003 a449 aEconomics c197877d197877 001040708MBAaAIMITbAIMITd2004-06-12g190.00l0o337 MITDpMBA00442r2026-05-23 00:00:00v152.00w2021-07-16yBK